1903 1390 1743 1012 1546 1606 1580 1994 1538 1940 1433 1424 1256 1605 1143 1337 1493 1730 1557 1440 1286 1486 1792 1537 1906 1163 1113 1931 1992 1466 1243 1180 1531 1972 1653 1190 1457 1806 1155 1578 1821 1400 1327 1302 1867 1454 1572 1847 1545 1189 1229 1137 1055 1935 1286 1273 1253 1040 1004 1901 1111 1982 1989 1786 1645 1731 1355 1560 1811 1623 1007 1204 1569 1843 1588 1445 1097 1382 1254 1619 1143 1774 1217 1909 1829 1125 1427 1097 1574 1571 1682 1861 1442 1865 1410 1596 1834 1051 1702 BCNSPRNW ULIB Ver.6.0+V

เปลี่ยนเป็นภาษาไทย

Change to English
 แสดงรายละเอียดบรรณานุกรม
  กลับหน้าหลัก

Brief Record : Get Marc (ISO 2709) : E-mail record : QR code < ปิดหน้าต่าง
LEADER : 00000nam 2200000uu 4500
001    13399126046
003     ULIB
008    180511s2559||||th 000 0 tha d
020    ^a9786162798641
060 04 ^aWS100^bส845ต^cล.1
245 00 ^aตำรากุมารเวชศาสตร์ศิริราช เล่ม 1 :^bประเด็นสำคัญในเวชปฏิบัติ /^cบรรณาธิการ, สุรชัยลิขสิทธิ์วัฒนกุล, วิฐารณ บุญสิทธิ, วาณี วิสุทธิ์เสรีวงศ์, รัตนาวลัย นิติยารมน์, อัจฉรา สัมบุณณานนท์
250    ^aพิมพ์ครั้งที่ 1
260    ^aกรุงเทพฯ :^bภาควิชากุมารเวชศาสตร์ คณะแพทยศาสตร์ศิริราชพยาบาลมหาวิทยาลันมหิดล,^c2559
300    ^a2 เล่ม :^bภาพประกอบ ;^c26 ซม.
505 0  ^a-- เล่ม 1 ... Child health Supervision (การกำกับดูแลสุขภาพเด็ก) ... Adolescent health Supervision (การกำกับดูแลสุขภาพวัยรุ่น) ... Growth and Developmental Assessment (การประเมินการเจริญเติบโตและพัฒนาการเด็ก) ... Immunization for thai Childern (การให้วัคซีนเพื่อสร้างเสริมภูมิคุ้มกันโรคในเด็กไทย) ... Injury Pervention (การป้องกันการบาเจ็บในเด็ก) ... Shock (ภาวะช็อก) ... Pediatric Resuscitation (การช่วยชีวตในเด็ก) ... Newborn Care in the Delivery Room ( การดูแลทารกแรกเกิดในห้องคลอด) ... Neonatal Jaundice (ภาวะตัวเหลืองในทารกแรกเกิด) ... Neonatal Seizure ( อาการชักในทารกแรกเกิด) ... Respiratory Distress in the Newborn (ภาวะหายใจลำบากในทารกแรกเกิด) ... Feeding Management for Term and late Preterm Newborns in the Hospital (การให้นมทารกแรกเกิดครบกำหนดและทารกแรกเกิดก่อนกำหนดระยะท้ายขณะอยู่ในโรงพยาบาล) ... Abdominal Mass (ก้อนในท้อง) ... Abdominal Pain acute ( อาการปวดท้องเฉียบพลัน) ... Acute Diarrhea (โรคอุจจาระร่วงเฉียบพลัน) ... Anemia (ภาวะเลือดจาง) ... Behavioral Problems in Young Children (ปัญหาพฤติกรรมที่พบบ่อยในเด็กเล็ก) ... Bites and Stings (การถูกสัตว์กัดและต่อย) ... Bleeding Disorder (ภาวะเลือดออกง่ายผิดปกติ) ... Chest Pain (อาการเจ็บหน้าอก) ... Constipation (ท้องผูก) ... Cough (อาการไอ) ... Cyanosis (อาการเขียวคลํ้า) ... Developmental Delay (ภาวะพัฒนาการช้า) ... Dysmorphic Child ( เด็กที่มีภาวะวิรูป) ... Dyspnea ( อาการหอบเหนื่อย)
650  4 ^aกุมารเวชศาสตร์
650  4 ^aเด็ก^xโรค
650  4 ^aโรค^xในวัยทารกและวัยเด็ก
700 0  ^aสุรชัย ลิขสิทธิ์วัฒนกุล,^eบรรณาธิการ
700 0  ^aวิฐารณ บุญสิทธิ,^eบรรณาธิการ
700 0  ^aวาณี วิสุทธิ์เสรีวงศ์,^eบรรณาธิการ
700 0  ^aรัตนาวลัย นิติยารมน์,^eบรรณาธิการ
700 0  ^aอัจฉรา สัมบุณณานนท์,^eบรรณาธิการ
710 2  ^aมหาวิทยาลัยมหิดล.^bคณะแพทยศาสตร์ศิริราชพยาบาล.^bภาควิชากุมารเวชศาสตร์
856    ^a^zTable of Contents (Content)^uhttp://118.174.31.60:80/ULIB//_fulltext/Content/129195/20160916091723_2840.pdf
945    ^p0^l0^i25842
945    ^p0^l0^i25843
945    ^p0^l0^i25844
945    ^p0^l0^i25845
945    ^p0^l0^i25846
999    ^aกัณชพร
รายการนี้ยังไม่มีแท็ก
คุณยังไม่ได้ล็อกอิน คุณสามารถมีกิจกรรมร่วมกับเว็บไซต์ได้ แต่ต้องล็อกอินก่อน ::
  ล็อกอิน

รายการสื่อสารสนเทศ

ลำดับที่ ประเภท เลขเรียก/บาร์โค้ด สถานที่ สถานะ
1. หนังสือสำรอง
หนังสือสำรอง
WS100 ส845ต ล.1 ฉ.1 
  Barcode: 25842
ห้องสมุดวิทยาเขตสวรรค์ประชารักษ์
►หนังสือทั่วไป
บนชั้น
2. วิทยาศาสตร์การแพทย์ และสุขภาพ
วิทยาศาสตร์การแพทย์ และสุขภาพ
WS100 ส845ต ล.1 ฉ.2 
  Barcode: 25843
ห้องสมุดวิทยาเขตสวรรค์ประชารักษ์
►หนังสือทั่วไป
บนชั้น
3. วิทยาศาสตร์การแพทย์ และสุขภาพ
วิทยาศาสตร์การแพทย์ และสุขภาพ
WS100 ส845ต ล.1 ฉ.3 
  Barcode: 25844
ห้องสมุดวิทยาเขตสวรรค์ประชารักษ์
►หนังสือทั่วไป
บนชั้น
4. วิทยาศาสตร์การแพทย์ และสุขภาพ
วิทยาศาสตร์การแพทย์ และสุขภาพ
WS100 ส845ต ล.1 ฉ.4 
  Barcode: 25845
ห้องสมุดวิทยาเขตสวรรค์ประชารักษ์
►หนังสือทั่วไป
บนชั้น
5. วิทยาศาสตร์การแพทย์ และสุขภาพ
วิทยาศาสตร์การแพทย์ และสุขภาพ
WS100 ส845ต ล.1 ฉ.5 
  Barcode: 25846
ห้องสมุดวิทยาเขตสวรรค์ประชารักษ์
►หนังสือทั่วไป
บนชั้น

รายการใกล้เคียง
    หัวเรื่อง [กุมารเวชศาสตร์]
    หัวเรื่อง [โรค ในวัยทารกและวัยเด็ก]

BibComment


ยังไม่เคยถูกคอมเมนท์

คอมเมนท์ทรัพยากรรายการนี้
  คอมเมนท์: ตำรากุมารเวชศาสต..


 Copyright 2026. Bcnsprnw @Library